000 00584nam a2200205Ia 4500
005 20260429112059.0
008 260429s9999||||xx |||||||||||||| ||und||
020 _a9788126911882
041 _aEnglish
082 _a910.46
_bSHA
100 _aSharma, Shailja
245 0 _aIntroduction to tour leadership :
_bprinciples and practices /
_cShailja Sharma
250 _a1st ed.
260 _aNew Delhi :
_bAtlantic Publishers and Distributors,
_c2025.
300 _axxviii, 296 p.; pbk
650 _a Leadership
650 _aTour
700 _a Chowdhary, Nimit
942 _cTB
999 _c52244
_d52244